000 00339nam a2200133Ia 4500
005 20251222152023.0
008 251222s9999||||xx |||||||||||||| ||spa||
020 _a9972824101
082 _a363.728.5/C76
245 0 _aGuía nacional para la implementación de bolsas de residuos
250 _a1ra.ed.
264 _bAcribia
942 _cLIB
999 _c25380
_d25380